| 000 | 00585 a2200193 4500 | ||
|---|---|---|---|
| 005 | 20250121145640.0 | ||
| 010 | _aENG-143009 | ||
| 020 |
_c595.00 _a9789392344039 |
||
| 035 | _aEN-126541 | ||
| 037 | _bDBAD | ||
| 082 | _a480 | ||
| 100 |
_aJones, H.S.V. _976832 |
||
| 245 |
_aWords and Sentences/ _cby H.S.V. Jones |
||
| 250 | _a1 | ||
| 260 |
_aDelhi _bInnovative Learning _c2022 |
||
| 270 |
_a4852, Roshanara Road, Near Mata Mandir _bDelhi _e110007 _k8700413360 _minnovativelearning007@gmail.com |
||
| 300 |
_a166p. _c22cm.(hb) |
||
| 942 |
_adpl _cEN _2ddc _mJON _h480 |
||
| 999 |
_c207650 _d207650 |
||